Ak deve/ (Record no. 9666)
| 000 -BAŞLIK | |
|---|---|
| Sabit Uzunluktaki Kontrol Alanı | 01792nam a22003377a 4500 |
| 001 - KONTROL NUMARASI | |
| Control Dosyası | 0009694 |
| 003 - KONTROL NUMARASI KİMLİĞİ | |
| Kontrol Alanı | KOHA_MİRAKIL |
| 005 - EN SON İŞLEM TARİHİ ve ZAMANI | |
| Kontrol Alanı | 20260207001718.0 |
| 007 - FİZİKSEL TANIM SABİT ALAN - GENEL BİLGİ | |
| Sabit uzunluklu kontrol alanı | ta |
| 008 - SABİT UZUNLUKTAKİ VERİ ÖGELERİ - GENEL BİLGİ | |
| Sabit Alan | 091023b1999 tu |||gr||||#0|||1|tur | |
| 020 ## - ISBN - ULUSLARARASI STANDART KİTAP NUMARASI | |
| Isbn | 9754372977 |
| 040 ## - KATALOGLAMA KAYNAĞI | |
| Özgün Kataloglama Kurumu | TR-BiSEU |
| Kataloglama Dili | tur |
| Çeviri Kurumu | TR-BiSEU |
| Açıklama Kuralları | rda |
| 041 0# - DİL KODU | |
| Metin ya da ses kaydının dil kodu | tur |
| 044 ## - YAYINLAYAN/ÜRETEN KURULUŞUN ÜLKE KODU | |
| ISO country code | tu |
| 050 ## - SINIFLAMA ve YER NUMARASI | |
| Sınıflama Numarası | PL314.E34 |
| Yer Numarası | A3 1999 |
| 100 1# - KİŞİ ADI | |
| Yazar Adı (Kişi adı) | Efendiyev, Elçin İlyasoğlu. |
| 245 1# - ESER ADI BİLDİRİMİ | |
| Başlık | Ak deve/ |
| Sorumluluk Bildirimi | Elçin İlyasoğlu Efendiyev ; Elçin İlyasoğlu Efendiyev; çeviren Ali Duymaz. |
| 264 #1 - ÜRERİM, YAYIN, DAĞITIM ve TELİF BİLDİRİMİ | |
| Yayın yeri | İstanbul : |
| Yayınlayan | Ötüken |
| Yayın tarihi | 1999 |
| 300 ## - FİZİKSEL TANIMLAMA | |
| Sayfa, Cilt vb. | 281 sayfa; 20 cm. |
| 336 ## - İÇERİK TÜRÜ | |
| Content type term | metin |
| Content type code | txt |
| Source | rdacontent |
| 337 ## - MEDYA TÜRÜ | |
| Media type term | aracısız |
| Media type code | n |
| Source | rdamedia |
| 338 ## - TAŞIYICI TÜRÜ | |
| Carrier type term | cilt |
| Carrier type code | nc |
| Source | rdacarrier |
| 490 1# - DİZİ BİLDİRİMİ | |
| Dizi Bildirimi | Yayın No ; |
| Cilt Numarası | 431. |
| 490 1# - DİZİ BİLDİRİMİ | |
| Dizi Bildirimi | Edebi Eseler ; |
| Cilt Numarası | 217. |
| 505 ## - İÇİNDEKİLER NOTU | |
| İçindekiler Notu | İkinci Dünya Savaşı sırasında geleneksel hayatını devam ettirmeye çalışan bir Bakü mahallesinin dramıdır. İkinci Dünya Savaşı'nın bu mahalleyi nasıl etkilediği trajik hayat maceralarıyla gözler önüne serilir. Mahallenin geleneksel ve dinî yaşantısı sebebiyle dramatik kurgu geleneksel hayat ile yeni Sovyet devri arasında cereyan etmektedir. "Ak Deve" aslında ölümü simgeler ve masallardan alınıp hayata sokulmuş bir semboldür. Eser, sık sık yer verilen çocuk oyunları, tekerlemeler, "bayatı"lar ve Dede Korkut sözleri ile folklorik bir zenginliği haizdir. Eserin iç yapısında yer alan ilgi çekici bir başka folklorik öğe olan ağaç ise tabiatın korunmasıyla ilgili modern bir tavra işaret eder ve bizi ortak Türk kültüründe yaşayan bir geleneğe götürür. |
| 650 #0 - KONU BAŞLIĞI EK GİRİŞ - KONU TERİMİ | |
| Konusal terim veya coğrafi ad | Azerbaycan Edebiyatı--Roman. |
| 9 (RLIN) | 23953 |
| 830 1# - SERİ EK GİRİŞİ - TEKBİÇİM ESER ADI | |
| Tekbiçim Başlık | Yayın No ; |
| Volume number/sequential designation | 431. |
| 9 (RLIN) | 1861 |
| 830 1# - SERİ EK GİRİŞİ - TEKBİÇİM ESER ADI | |
| Tekbiçim Başlık | Edebi Eseler ; |
| Volume number/sequential designation | 217. |
| 9 (RLIN) | 23954 |
| 907 ## - LOCAL DATA ELEMENT G, LDG (RLIN) | |
| a | Roman |
| 942 ## - EK GİRİŞ ÖGELERİ (KOHA) | |
| Source of classification or shelving scheme | Library of Congress Classification |
| Koha item type | Book |
| 505 ## - İÇİNDEKİLER NOTU | |
| -- | |
| Materyal Türü | Kalıcı Konum | Mevcut Konum | Raf Yeri | Sınıflandırma Kaynağı | Edinim Bilgisi | Ana Konular | Alt Konular | Yer Numarası | Demirbaş Numarası | Fatura Tarihi | Maliyet, Alış Fiyatı | Maliyet, Yenileme Fiyatı | Geri Çekilme Durumu | Kayıp Durumu | Hasarlı Durumu | Kredi için değil | Kayıt Tarih | Toplam Ödünçverme | Son Görülme Tarihi | Son Kontrol Tarihi | Genel / Bağış Notu |
|---|---|---|---|---|---|---|---|---|---|---|---|---|---|---|---|---|---|---|---|---|---|
| Book | Prof. Dr. Azmi Özcan Kütüphanesi | Prof. Dr. Azmi Özcan Kütüphanesi | Birûni Salonu | Library of Congress Classification | Bağış | DİL VE EDEBİYAT | Doğu Asya, Afrika, Okyanusya Dilleri ve Edebiyatları | PL314.E34 A3 1999 | 0009694 | 13/08/2010 | 4.00 | 4.00 | 23/10/2009 | 9 | 05/12/2024 | 05/12/2024 | Ötüken Yayınevi |
